000 01690 a2200205 4500
001 53830
005 20260407155809.0
008 260407a1972 arg spa d
003 AR-UNSa-BCEJYS
040 _aAR-UNSa-BCEJYS
_bspa
_cAR-UNSa-BCEJYS
080 _a330.342.172
_xEconomía libre. Laissez-faire (Economía de Mercado)
245 1 0 _aPlanificación central en una economía de mercado
264 1 _aBarcelona :
_bAriel
_c1972
300 _a286 p.
_c19 cm.
505 _aPrimera parte: Un nuevo tipo de planificación - I. Introducción - II. Mecanismos y métodos de planificación - III. Los múltiples aspectos de la planificación francesa - IV. Los instrumentos exógenos(1) - V. Los instrumentos exógenos(2) - VI. La lógica del Plan: versión original - Segunda parte: Resultados de los planes - VII. Comparación de las previsiones u objetivos con los resultados(1) - VIII. Comparación de las previsiones u objetivos con los resultados(2) - Tercera parte: Crítica de la teoría de la planificación en la economía de mercado - IX. Principios básicos de la previsión colectiva - X. Previsión centralizada versus previsión descentralizada - XI. El problema de las participaciones en el mercado - XII. Métodos de previsión y sistemas económicos comparados - XIII. Previsión pública versus previsión privada - XIV. Sumario de la tercera parte - Cuarta parte: Perspectivas futuras de la planificación francesa - XV. La lógica del Plan: nueva orientación - XVI. "Capitalismo moderno" - XVII. "Capitalismo clásico" - XVIII. Algunas conclusiones
942 _cBK
590 _aniveau_biblio:m niveau_hierar:0
100 1 _aLutz, Vera
700 1 _aSanuy, Francisco
999 _c5254
_d5254